| 000 | 00293 a2200121 4500 | ||
|---|---|---|---|
| 001 | 74165 | ||
| 082 | _a910.02 KAP | ||
| 090 |
_c39042 _d39042 |
||
| 100 | _aKapoor A.N | ||
| 245 |
_aPrinciples of Physical Geography _cA.N Kapoor |
||
| 260 |
_aNew Delhi _bS, Chand&Co |
||
| 500 | _aCFT Textbook | ||
| 942 |
_aNUST-CAE _k910.02 KAP |
||
| 999 |
_c309238 _d309238 |
||